LEADER 01331nam a2200313 a 4500 001 000000121664 003 CaOOAMICUS 005 20100510154601.0 008 100510t2010 it u000 u ita r 020 $a978-88-10-22149-5 040 $aPUL$bita$dReb 082 04$a227 100 1 $aBarbaglio, Giuseppe,$d1934-2007.$0(OLS)http://pul/name/12654 245 13$aIl mondo di cui Dio non si è pentito :$btemi laici della Bibbia /$cGiuseppe Barbaglio. 260 $aBologna :$bEDB,$c©2010. 300 $a279 p. ;$c21 cm 490 1 $aCollana biblica ;$v05 504 $aBibliografia in nota. 630 04$aBiblia$xTemi laici.$0(OLS)http://pul/subject/36826 650 4$aLaici.$0(OLS)http://pul/subject/212 650 4$aEncicliche.$0(OLS)http://pul/subject/969 830 0$aCollana biblica (Edizioni Dehoniane) ;$v05.$0(OLS)http://pul/title/43126 850 $aPUL 852 $aPUL$W1$xSL Religione 3$y85$m227 BARGI 1$j139634$qDDC 21$B138834$CPULBib$Z2$F138834 $H113619 $82 941 1 $a9 996 $6020$a978-88-10-22149-5$9(OLS)http://pul/number/144145 996 $6082$a227$9(OLS)http://pul/classification/522 996 $6245$aIl mondo di cui Dio non si è pentito :$btemi laici della Bibbia$9(OLS)http://pul/title/153077 996 $6260$aBologna :$bEDB$9(OLS)http://pul/publisher/56073 LEADER 01181nam a2200277 u 4500 001 000000116110 003 CaOOAMICUS 005 20090610172232.0 008 090610s2009 it u000 u ita r 040 $aPUL$bita$dLDB 041 1 $aita$alat$hlat 130 0 $aBiblia.$pN.T.$pPauli epistolae.$lItaliano.$0(OLS)http://pul/title/158610 245 10$aLettere /$cSan Paolo ; introduzione e traduzione di Giuseppe Barbaglio. 260 $aMilano :$bR.C.S. Libri ;$aMilano :$bBUR,$cc2009. 300 $a668 p. ;$c19 cm. 490 1 $aGrandi classici greci e latini ;$v22 504 $aNote bibliografiche. 546 $aTesto latino a fronte. 700 1 $aBarbaglio, Giuseppe,$d1934-2007.$0(OLS)http://pul/name/12654 830 0$aGrandi classici greci e latini ;$v22.$0(OLS)http://pul/title/143635 850 $aPUL 852 $aPUL$W1$xSL Cons. Gen., Altre Classi 3$y75$m880 COLL 2.22$j133035$qDDC 21$B132047$CPULBib$Z2$F132047 $H110802 $82 941 1 $a9 996 $6245$aLettere$9(OLS)http://pul/title/2172 996 $6260$aMilano :$bR.C.S. Libri$9(OLS)http://pul/publisher/74600 996 $6260$aMilano :$bBUR$9(OLS)http://pul/publisher/70068